000 00693nam a2200229 a 4500
999 _c10780
_d10780
001 10780
003 BD-JhCC
005 20190310084133.0
008 190310b2014 bg a|||| ||u| 000 0 ben d
020 _a9789840415113
035 _a(BD-JhCC)10780
040 _aBD-JhCC
_dBD-JhCC
041 _aben
082 _a923
_bAHM 2014
100 _aআহমেদ, কাজী শাহেদ
245 _aজীবনের শিলালিপি /
_cকাজী শাহেদ আহমেদ ।
260 _aঢাকা,
_bআগামী প্রকাশনী ;
_c2014.
300 _a582 p . ;
_bill .
_c22 cm
650 _aAutobiography .
942 _2lcc
_cBK